Factores que intervienen en la construcción de cubiertas parabólico-hiperbólica

Salvato in:
Dettagli Bibliografici
Autore principale: Vincent A, James
Natura: Sconosciuto
Pubblicazione: [San José, Costa Rica] 1973
Soggetti:
Tags: Aggiungi Tag
Nessun Tag, puoi essere il primo ad aggiungerne!!

MARC

LEADER 00000 a2200000 4500
003 011404
005 20221231143818.0
008 140114s1973 cr a m 000 ||s d
040 |c cru CEDI 
090 |a TFG 481 
100 |a Vincent A, James  |9 18034 
245 |a Factores que intervienen en la construcción de cubiertas parabólico-hiperbólica 
260 |c 1973  |a [San José, Costa Rica] 
300 |a  38 hojas, gráficos  
500 |a  Tesis (Ingeniero Civil)--Universidad de Costa Rica.  
501 |a Ed. mimeografiada.  
650 |x CONSTRUCCIONES DE HORMIGON  |9 18035 
942 |c TFG 
999 |c 12364  |d 12364